00520nam a22001697a 450000500170000001000170001702000260003403500130006003700130007308200200008610000190010624500710012526000380019627000550023430000210028950000400031020230530155004.0 aENG-115177  a9789385288302c250.00 aEN-98709 bDBAD/PUB a305.56880954552 aDutt, Nirupama aThe ballad of Bant Singh :ba qissa of courage /cby Nirupama Dutt aNew Delhi bSpeaking Tiger c2016 a4381/4, Ansari Road, Daryaganj,bNew Delhie110002 a213p.c20cm(pbk) aIncludes bibliographical references